Statystyki dla Puchar Świata - klasyfikacja generalna za sezon 1993/94

Kliknij tutaj aby rozwiązać quiz!

Ogólne statystyki

  • Ten quiz został rozwiązany 9 razy
  • Średni wynik to 16 z 96

Statystyki odpowiedzi

PozycjaSkoczekNarodowośćPkt% Poprawnych
6.Noriaki KasaiJaponia562
100%
3.Andreas GoldbergerAustria927
88%
5.Roberto CeconWłochy710
88%
1.Espen BredesenNorwegia1203
75%
10.Janne AhonenFinlandia388
75%
2.Jens WeissflogNiemcy1110
75%
7.Takanobu OkabeJaponia529
63%
52.Wojciech SkupieńPolska47
63%
4.Jaroslav SakalaCzechy751
50%
15.Masahiko HaradaJaponia270
50%
Toni NieminenFinlandia47
50%
11.Dieter ThomaNiemcy350
38%
42.Hiroya SaitohJaponia73
38%
9.Lasse OttesenNorwegia421
38%
Martin HoellwarthAustria2
38%
20.Stefan HorngacherAustria183
38%
82.Bruno ReutelerSzwajcaria6
25%
22.Didier MollardFrancja178
25%
12.Heinz KuttinAustria340
25%
14.Jani SoininenFinlandia297
25%
66.Jerome GayFrancja21
25%
23.Nicolas DessumFrancja166
25%
17.Roar LjoekelsoeyNorwegia258
25%
Ronny HornschuhNiemcy16
25%
90.Samo GostisaSłowenia2
25%
Sven HannawaldNiemcy2
25%
27.Sylvain FrelholzSzwajcaria144
25%
26.Werner RathmayrAustria146
25%
Zbynek KrompolcCzechy183
25%
68.Akira HigashiJaponia16
13%
16.Ari-Pekka NikkolaFinlandia266
13%
79.Christof BirchlerSzwajcaria8
13%
25.Christof DuffnerNiemcy156
13%
39.Ernst VettoriAustria81
13%
46.Franci PetekSłowenia57
13%
56.Frantisek JezCzechy43
13%
13.Gerd SiegmundNiemcy326
13%
Hansjorg JakleNiemcy115
13%
61.Ivan LunardiWłochy33
13%
55.Ivo PertileWłochy46
13%
84.Jakub JiroutekCzechy5
13%
71.Jakub SuchacekCzechy15
13%
8.Jinya NishikataJaponia428
13%
19.Jiri ParmaCzechy193.
13%
86.Kazuhiro HigashiJaponia4
13%
43.Martin SvagerkoSłowacja71
13%
Masayuki SatoJaponia6
13%
34.Matjaz KladnikSłowenia96
13%
Matjaz ZupanSłowenia11
13%
48.Raimo YlipulliFinlandia54
13%
Risto JussilainenFinlandia5
13%
Sepp Zehnder Jr.Szwajcaria8
13%
35.Stephan ZuendSzwajcaria95
13%
49.Tommy IngebrigtsenNorwegia52
13%
75.Yoshikazu NorotaJaponia12
13%
Adolf GruggerAustria2
0%
74.Alexander PointnerAustria13
0%
Andreas BeckAustria41
0%
Andrei VerveikinKazachstan3
0%
29.Bjoern MyrbakkenNorwegia133
0%
33.Christian MoserAustria101
0%
Dejan JekovecSłowenia15
0%
62.Fredrik JohanssonSzwecja31
0%
37.Geir Atle WoienNorwegia89
0%
Gerhard SchallertAustria1
0%
87.Hakon JohnsenNorwegia3
0%
73.Hitoshi SakuraiJaponia14
0%
Jani MattilaFinlandia1
0%
18.Janne VaeaetaeinenFinlandia237
0%
45.Johan RasmussenSzwecja64
0%
28.Kenji SudaJaponia143
0%
Kimmo SavolainenFinlandia16
0%
94.Klaus HuberAustria1
0%
59.Kurt BoersethNorwegia36
0%
24.Ladislav DluhosCzechy165
0%
47.Martin TrunzSzwajcaria56
0%
60.Matthias WallnerAustria34
0%
63.Mikael MartinssonSzwecja30
0%
51.Naoki YasuzakiJaponia49
0%
30.Nicolas Jean-ProstFrancja115
0%
32.Oeyvind BergNorwegia102
0%
Ralph GebstedtNiemcy3
0%
81.Randy WeberUSA7
0%
36.Robert MeglicSłowenia91
0%
65.Ruddy JardineFrancja23
0%
78.Shohei SakaguchiJaponia10
0%
Staffan TaellbergSzwecja52
0%
67.Steffen SiebertNiemcy20
0%
44.Steve DelaupFrancja67
0%
38.Tad LangloisUSA88
0%
64.Takayuki SasakiJaponia24
0%
41.Tero KoponenFinlandia74
0%
76.Tomas GoderCzechy11
0%
57.Vaesa HakalaFinlandia41
0%
40.Werner HaimAustria76
0%
Werner SchusterAustria47
0%

Rozkład punktacji

Percentyl według liczby udzielonych odpowiedzi

Procent ludzi z każdym wynikiem

Twoja historia wyników

Nie rozwiązałeś tego quizu